| 000 | 01193nam a2200121Ia 4500 | ||
|---|---|---|---|
| 008 | 220616s9999||||xx |||||||||||||| ||und|| | ||
| 245 | 0 | _aApplications of Stochastic Optimal Control to Economics and Finance | |
| 546 | _aEnglish[eng] | ||
| 650 | _adebt crisis||government debt management||optimal government debt ceiling||government debt ratio||stochastic control||decision analysis||risk management||Bayesian learning||Markowitz problem||optimal portfolio||portfolio selection||Markov additive processes||Markov regime switching market||Markovian jump securities||asymptotic arbitrage||complete market||multiple optimal stopping||general diffusion||real option analysis||energy imbalance market||optimal reinsurance||excess-of-loss reinsurance||Hamilton-Jacobi-Bellman equation||stochastic factor model||American options||least square method||derivatives pricing||binomial tree||stochastic interest rates||quadrinomial tree||insurance||unemployment||optimal stopping||geometric Brownian motion||martingale||free boundary problem||American call option||utility | ||
| 700 | _aFederico, Salvatore||Ferrari, Giorgio||Regis, Luca | ||
| 856 | _uhttps://mdpi.com/books/pdfview/book/2421 | ||
| 942 | _cEB | ||
| 999 |
_c20735 _d20735 |
||